Screening Methods in Pharmacololgy. V.2 /
Numerous methods often exist for screening a series of compounds for a given pharmacology activity.
Bewaard in:
| Hoofdauteur: | |
|---|---|
| Andere auteurs: | |
| Formaat: | Boek |
| Taal: | English |
| Gepubliceerd in: |
USA :
Academic Press,
1971.
|
| Onderwerpen: | |
| Tags: |
Voeg label toe
Geen labels, Wees de eerste die dit record labelt!
|
| Thư viện lưu trữ: | Mạng thư viện Đại học Đà Nẵng |
|---|
| LEADER | 00969cam a2200349 i 4500 | ||
|---|---|---|---|
| 001 | 000043067 | ||
| 003 | 942 | ||
| 005 | 20030218153151.0 | ||
| 008 | 010217|1971 vm 000 eng | ||
| 020 | |a 0127042520 | ||
| 022 | |a T | ||
| 040 | |a IRC |c IRC |d IRC | ||
| 041 | 0 | |a eng | |
| 082 | 1 | 4 | |a 615.11 |b TU-R |
| 100 | 1 | |a Turner, Robert A. | |
| 245 | 0 | 0 | |a Screening Methods in Pharmacololgy. |n V.2 / |c Robert A. Turner, Peter Hebborn. |
| 260 | |a USA : |b Academic Press, |c 1971. | ||
| 300 | |a 288p. ; |c 25cm. | ||
| 520 | 3 | |a Numerous methods often exist for screening a series of compounds for a given pharmacology activity. | |
| 630 | 0 | 4 | |a Pharmacololgy. |
| 650 | 0 | 4 | |a Pharmacology, Screening Methods. |
| 700 | 1 | |a Hebborn, Peter. | |
| OWN | |a DUT | ||
| 999 | |a From the UDN01 | ||
| TYP | |a Monograph | ||
| TYP | |a Printed language | ||
| 980 | |a Mạng thư viện Đại học Đà Nẵng | ||


